Direito privado romano. I. (Parte geral. Introdução, relação jurídica, defesa dos direitos).
Gardado en:
| Autor Principal: | |
|---|---|
| Formato: | Libro |
| Idioma: | inglés |
| Publicado: |
Coimbra, Portugal:
Coimbra,
2000.
|
| Series: | Boletim da Faculdad de Direito. Universidade de Coimbra. Stvdia ivridica,
|
| Subjects: | |
| Tags: |
Engadir etiqueta
Sen Etiquetas, Sexa o primeiro en etiquetar este rexistro!
|
MARC
| LEADER | 00000nam a22000007a 4500 | ||
|---|---|---|---|
| 003 | CL-VaPUC | ||
| 005 | 20220822114759.0 | ||
| 008 | 220802t2000 ||||| |||| 00| 0 eng d | ||
| 999 | |c 437844 |d 437842 | ||
| 020 | |a 972-32-0967-5 | ||
| 022 | |a 0872-6043 | ||
| 040 | |c Pontificia Universidad Católica de Valparaíso | ||
| 082 | |2 22 |a 340.54 SAN 2000 | ||
| 100 | |9 874559 |a Justo, A. Santos |e autor | ||
| 245 | |a Direito privado romano. I. |b (Parte geral. Introdução, relação jurídica, defesa dos direitos). | ||
| 260 | |a Coimbra, Portugal: |b Coimbra, |c 2000. | ||
| 300 | |a 464 páginas. | ||
| 490 | |a Boletim da Faculdad de Direito. Universidade de Coimbra. Stvdia ivridica, |n 50. | ||
| 500 | |a c.1 Donación Familia Prof. Alejandro Guzmán Brito. | ||
| 583 | |c 20220802 |k Yessy Sthefany Diaz Vidal | ||
| 650 | 0 | |9 452564 |a Derecho privado romano | |
| 650 | 0 | |9 255930 |a Derecho romano | |
| 650 | 0 | |9 258243 |a Derecho privado |z Roma | |
| 942 | |2 ddc |c BK |n 0 | ||
| 952 | |0 0 |1 0 |2 ddc |4 0 |6 340_540000000000000_SAN_2000 |7 0 |8 C_AGB |9 585684 |a BIBDER |b BIBDER |d 2022-08-02 |e Donación |i 5653597 |o 340.54 SAN 2000 |p 5653597 |r 2023-01-25 |t 1 |w 2022-08-02 |y BK_US |k AGB | ||